Quizzes
Events
Quiz Creation
Community
Videos
Private Events
Remove Ads
Sign In
Join for FREE
Feedback
Dark Mode
Quiz Categories
Sports
Geography
Music
Movies
Television
Just For Fun
Miscellaneous
History
Literature
Language
Science
Gaming
Entertainment
Religion
Holiday
For Kids
Quiz Lab
Recent
Popular Today
Quiz Kudos Today
Editor Picks
Curator Picks
Quizzes by...
Day
Popularity
Type
Ratings
Length
Year
Community
Subscriptions
Recent Discussions
Orange Saloon
Badges
Playlists
Quests
Create
Leaderboards
Showdown
Live 5
Trivia Bingo
Activity
Puzzle Library
Sporcle Events
Private Events
Virtual Trivia
Globe League
Become a Host
Pub Owners
SporcleCon
Opinionation
Our Games
Videos
Blog
Mobile Apps
Partnerships
Remove Ads and Go Orange
Feedback
Sports
Athletes
MLB
NBA
NHL
NFL
Soccer
Sports Teams
WWE
NCAA
Football
Premier League
Basketball
Baseball
Hockey
Golf
Tennis
Cricket
Rugby
Auto Racing
Olympics
World Cup
Sports
Athletes
MLB
NBA
NHL
NFL
Soccer
Sports Teams
WWE
NCAA
Football
Premier League
Basketball
Baseball
Hockey
Golf
Tennis
Cricket
Rugby
Auto Racing
Olympics
World Cup
Random Quiz
Search Sporcle
×
Quiz Lab
Quiz Lab
Sports
MLB
Type in answers that appear in a list
Type in answers that appear in a list
Classic
Best Score? Go Orange.
Opening Day Starting Lineup for Dodgers - 2001 to 2011 Stats
Can you name the Last 10 Opening Day starting roster for Dodgers?
By
colonel
8m
99 Questions
164 Plays
164 Plays
164 Plays
Comments
Comments
Give Quiz Kudos
Give Quiz Kudos
-
- Ratings
hide this ad
Replay
Link that replays current quiz
Next Quiz
Link to next quiz in quiz playlist
You Got
0%
They Got
Avg Score
54%
Avg Friend Score
Upgrade to see
Score Distribution
Jump to the score distribution portion of the page
Score
0/99
Timer
08:00
0
Plays Today
year
Player Name
% Correct
2011
Clayton Kershaw
97%
2011
Matt Kemp
93.9%
2010
Russell Martin
93.9%
2010
Matt Kemp
93.9%
2009
Russell Martin
93.9%
2009
Matt Kemp
93.9%
2008
Russell Martin
93.9%
2008
Matt Kemp
93.9%
2007
Russell Martin
93.9%
2011
Andre Ethier
92.7%
2010
Andre Ethier
92.7%
2009
Andre Ethier
92.7%
2008
Andre Ethier
92.7%
2007
Andre Ethier
92.7%
2011
James Loney
87.2%
2010
James Loney
87.2%
2009
James Loney
87.2%
2008
James Loney
87.2%
2011
Rafael Furcal
79.9%
2010
Rafael Furcal
79.9%
2009
Rafael Furcal
79.9%
2008
Rafael Furcal
79.9%
2006
Rafael Furcal
79.9%
2004
Adrian Beltre
73.8%
2003
Adrian Beltre
73.8%
2002
Adrian Beltre
73.8%
2004
Shawn Green
73.2%
2003
Shawn Green
73.2%
2002
Shawn Green
73.2%
2001
Shawn Green
73.2%
2004
Paul Lo Duca
70.1%
2003
Paul Lo Duca
70.1%
2002
Paul Lo Duca
70.1%
year
Player Name
% Correct
2010
Manny Ramirez
68.3%
2009
Manny Ramirez
68.3%
2010
Casey Blake
67.7%
2009
Casey Blake
67.7%
2002
Kevin Brown
67.1%
2008
Jeff Kent
66.5%
2007
Jeff Kent
66.5%
2006
Jeff Kent
66.5%
2005
Jeff Kent
66.5%
2002
Eric Karros
66.5%
2001
Eric Karros
66.5%
2001
Gary Sheffield
62.8%
2007
Derek Lowe
62.2%
2006
Derek Lowe
62.2%
2005
Derek Lowe
62.2%
2004
Hideo Nomo
61%
2003
Hideo Nomo
61%
2008
Brad Penny
56.7%
2007
Nomar Garciaparra
53%
2007
Juan Pierre
53%
2005
Cesar Izturis
53%
2004
Cesar Izturis
53%
2003
Cesar Izturis
53%
2002
Cesar Izturis
53%
2008
Andruw Jones
51.8%
2007
Luis Gonzalez
50%
2011
Juan Uribe
46.3%
2001
Chan Ho Park
46.3%
2009
Hiroki Kuroda
45.1%
2010
Vincente Padilla
43.3%
2009
Orlando Hudson
43.3%
2006
J.D. Drew
43.3%
2007
Ramon Martinez
41.5%
year
Player Name
% Correct
2011
Rod Barajas
39.6%
2010
Blake DeWitt
36.6%
2008
Blake DeWitt
36.6%
2004
Alex Cora
31.7%
2001
Alex Cora
31.7%
2003
Fred McGriff
31.1%
2002
Mark Grudzielanek
29.9%
2001
Mark Grudzielanek
29.9%
2005
Milton Bradley
29.3%
2004
Milton Bradley
29.3%
2004
Dave Roberts
28.7%
2003
Dave Roberts
28.7%
2002
Dave Roberts
28.7%
2011
Jamey Carroll
27.4%
2006
Jose Cruz
26.8%
2011
Tony Gwynn Jr.
25.6%
2005
Hee-Seop Choi
25.6%
2003
Brian Jordan
22%
2002
Brian Jordan
22%
2004
Juan Encarnacion
18.9%
2006
Olmedo Saenz
17.7%
2003
Jolbert Cabrera
17.7%
2005
Juan Encarnacion
17.1%
2005
Jason Philips
16.5%
2006
Bill Mueller
15.9%
2007
Wilson Betemit
14%
2006
Jason Repko
12.8%
2001
Chad Kreuter
12.8%
2006
Sandy Alomar Jr.
10.4%
2005
Jose Valentin
9.8%
2005
Ricy Ledee
9.1%
2001
Tom Goodwin
4.9%
2001
Chris Donnels
3.7%
Quiz Playlist
Details
Report
Send in Message
Add To Playlist
Classic:
Type in answers that appear in a list
Last Updated: Feb 16, 2017
Quiz Scoreboard
CHALLENGE
Sign Up to Join the Scoreboard
Show All
Scores
Hide
Comments
May contain spoilers
Recently Published
Click the 1999 NBA Draft
by nibperrychub
Sports
2m
Alphabetical 'K' Countries by Flag Minefield
by ylime102
Geography
3m
Pick 6: Fruits
by JohnFran
Miscellaneous
15s
More to Explore
Quiz From the Vault
Featured Blog Post
15 Basketball Trivia Facts You Can Be March Mad About
hide this ad
You Might Also Like...
Tags
Baseball Quiz
MLB Quiz
Los Angeles Dodgers
Today's Top Quizzes in Sports
Browse Sports
hide this ad
Today's Top Quizzes in MLB
Browse MLB
Top Contributed Quizzes in Sports
1
Les joueurs à 100 buts en Ligue 1 Uber Eats
2
Pick 6: NFL Teams
3
MLB 2 truths and a lie: Hall of Fame pitchers
4
Criteria MLB: Left Handed Sluggers
5
2022 World Cup Stars
6
Don't Strike Out: 3000 Strikeouts
7
Millionaire: NBA Finals Edition
8
Pick 6: Minor League Baseball
9
Click the 1998 NBA Draft
10
Pick 6: Olympics
Explore More
Trending Topics
Harry Potter
Disney
Kpop
Marvel
Anime
NBA
Crossword
Song
Puzzle
Soccer
The Office
Country
WWE
NFL
Pokémon
hide this ad
More By:
colonel
Quiz
Plays
Rating
Category
Featured
Created
Opening Day Starting Lineup for Dodgers - 2001 to 2011
164
Sports
Jan 2, 2012
Dodgers Catchers by Games Played
159
4.50
Sports
Mar 1, 2011
Dodgers First Baseman by Games Played
148
3.00
Sports
Mar 6, 2011
Dodgers Second Baseman by Games Played
111
4.00
Sports
Mar 8, 2011
MLB Dodgers Saves Leaders through 2017
97
Sports
Dec 29, 2011
Go to Creator's Profile
Score Distribution
Quiz Creator Spotlight
colonel
Follow
Send a Message
Quizzes Created
-
Created Quiz Play Count
-
More By This Creator
Popular Quizzes Today
1
Countries of Asia Without Outlines Minefield
2
Find the US States - No Outlines Minefield
3
Pick 6: Fruits
4
Alphabetical 'K' Countries by Flag Minefield
5
The Countries of the World
6
Find the US States
7
US States
8
Match the Book to the Film X
More Sports Quizzes
March Madness Winner: #1 Seed or Not?
Published
Trending Quizzes
Pick 6: Mountains
Pick 6: Harry Potter
Pick 6: NFL Teams
Pick 6: Movie Franchises
Pick 6: Golfers
Recently Updated
NWSL Teams
pecheneg
Women's Final Four Teams by Year
bhenderson79
Presidents Quartet II
eogle
Anything But Clue(do)
eogle
Anything But Oceanian Capitals
eogle
Anything But 7
eogle
Anything But Thing
eogle
Word Ladder: February 29
pecheneg
Song Title Questions
pecheneg
Women's NCAA Tournament #1 Seeds
pecheneg
Trending Topics
Disney
Anime
Crossword
Kpop
Marvel
NBA
Harry Potter
Soccer
NFL
Pokémon
Country
Puzzle
Song
WWE
The Office
Your Account Isn't Verified!
In order to create a playlist on Sporcle, you need to verify the email address you used during registration. Go to your
Sporcle Settings
to finish the process.
Report this User
Report this user for behavior that violates our
Community Guidelines
.
Details:
Send Report
Go to the Sporcle.com Mobile Site →
Comments